Araneus Argentinas, hoc est, D. Joannes Georgius Dorscheus, Strasburgi Praedicans Therapeuticus: una cum Frivola Pro Mysterio SS. Trinitatis, contra Theologos Scholasticos, & praesertim Jesuitas, Scholasticorum (ut ipse ait) patronos, Interventione Scopis Theologicis Detersus

Saved in:  
Bibliographic Details
Main Author: Cornaeus, Melchior 1598-1665 (Author)
Contributors: Dorsche, Johann Georg 1597-1659 (Other) ; Heil, Nikolaus -1658 (Printer)
Format: Print Book
Language:Latin
Check availability: HBZ Gateway
WorldCat: WorldCat
Interlibrary Loan:Interlibrary Loan for the Fachinformationsdienste (Specialized Information Services in Germany)
Published: Moguntiae Heyll 1646
In:Year: 1646
Standardized Subjects / Keyword chains:B Theology / Polemics
Further subjects:B Ordensliteratur:Jesuiten
B Streitschrift:theol
B Dissertation:theol
Online Access: Volltext (digitalisiert von꞉ Herzog August Bibliothek Wolfenbüttel, Exemplar mit der Signatur꞉ 314.4 Theol. (3)
Parallel Edition:Electronic
Sammlungen:

MARC

LEADER 00000cam a2200000 c 4500
001 09222184X
003 DE-627
005 20260211094843.0
007 tu
008 060101s1646 gw ||||| 00| ||lat c
024 7 |a VD17 23:251624H  |2 vd17 
026 |e j.od s.nt a-n- siDe 3 1646R  |2 fei 
035 |a (DE-627)09222184X 
035 |a (DE-576)9092221848 
035 |a (DE-599)GBVVDS000851213 
035 |a (OCoLC)831246819 
035 |a (VD17)000851213 
040 |a DE-627  |b ger  |c DE-627  |e rakwb 
041 |a lat 
044 |c XA-DE 
084 |a 1  |2 ssgn 
084 |a 11.61  |2 bkl 
100 1 |0 (DE-588)121697177  |0 (DE-627)135617820  |0 (DE-576)292835434  |4 aut  |a Cornaeus, Melchior  |d 1598-1665 
109 |a Cornaeus, Melchior 1598-1665  |a Christian Fidelis 1598-1665  |a Christianus Fidelis 1598-1665  |a Fidelis, Christian 1598-1665  |a Fidelis, Christianus 1598-1665  |a Christian, Fidelis 1598-1665  |a Fidelis Concordiensis, Christianus 1598-1665 
245 1 0 |a Araneus Argentinas, hoc est, D. Joannes Georgius Dorscheus, Strasburgi Praedicans Therapeuticus: una cum Frivola Pro Mysterio SS. Trinitatis, contra Theologos Scholasticos, & praesertim Jesuitas, Scholasticorum (ut ipse ait) patronos, Interventione Scopis Theologicis Detersus  |c Et Publicae disceptationi propositus. Praeside R.P. Melchiore Cornaeo, e Societate Jesu ... 
264 1 |a Moguntiae  |b Heyll  |c 1646 
300 |a 80 S  |c 4° 
336 |a Text  |b txt  |2 rdacontent 
337 |a ohne Hilfsmittel zu benutzen  |b n  |2 rdamedia 
338 |a Band  |b nc  |2 rdacarrier 
361 1 |5 DE-Hv111  |y 1827310332  |s Allg 2451  |o Vorbesitz  |a NN  |f Marginalie  |f Merkzeichen 
361 1 |5 DE-Hv111  |y 1827310332  |s Allg 2451  |o Vorbesitz  |a Sextro, Heinrich Philipp  |0 (DE-588)118613596  |0 (DE-627)079403468  |0 (DE-576)209110007  |f Exemplar: Donator 
361 1 |5 DE-Hv111  |y 1827310332  |s Allg 2451  |o Vorbesitz  |a Predigerseminar Hildesheim  |0 (DE-588)6122593-9  |0 (DE-627)366889354  |0 (DE-576)322427959  |f Bibliotheksexemplar  |f Stempel  |z "Bibliot. Des Predigersemin. S" 
361 1 |5 DE-547  |y 089457706  |s 05 - T.ir. 4° 00459 (02)  |o Vorbesitz  |a Jesuitenkolleg (Erfurt)  |0 (DE-588)1704889-8  |0 (DE-627)335490530  |0 (DE-576)198843518 
361 1 |5 DE-547  |y 089457706  |s 05 - T.ir. 4° 00459 (02)  |o Vorbesitz  |a Königliche Bibliothek zu Erfurt  |0 (DE-588)5181381-6  |0 (DE-627)214846601  |0 (DE-576)195877446  |f Stempel 
361 1 |5 DE-547  |y 089457706  |s 05 - T.ir. 4° 00459 (02)  |o Vorbesitz  |a Stadtbücherei Erfurt  |0 (DE-588)5049278-0  |0 (DE-627)104013087  |0 (DE-576)193674955  |f Stempel 
500 |a Schlüsselseiten aus dem Exemplar der HAB Wolfenbüttel: 314.4 Theol. (3) 
505 8 |a Streitschrift gegen: Joh. Georgii Dorschei SS. Theol. Doct. Prof. ... Interventio, pro Mysterio SS. Trinitatis, 1645 
655 7 |a Dissertation:theol  |0 (DE-627)096631155  |2 local 
655 7 |a Streitschrift:theol  |0 (DE-627)096633131  |2 local 
655 7 |a Ordensliteratur:Jesuiten  |0 (DE-627)096632534  |2 local 
689 0 0 |d s  |0 (DE-588)4059758-1  |0 (DE-627)104131446  |0 (DE-576)209132159  |2 gnd  |a Theologie 
689 0 1 |d s  |0 (DE-588)4174997-2  |0 (DE-627)105367788  |0 (DE-576)209960655  |2 gnd  |a Polemik 
689 0 |5 (DE-627) 
700 1 |0 (DE-588)116188235  |0 (DE-627)134341716  |0 (DE-576)290341752  |4 oth  |a Dorsche, Johann Georg  |d 1597-1659 
700 1 |0 (DE-588)135688469  |0 (DE-627)693687940  |0 (DE-576)300587759  |4 prt  |a Heil, Nikolaus  |d -1658 
751 |a Mainz  |4 pup 
776 0 8 |i Erscheint auch als  |n Online-Ausgabe  |a Cornaeus, Melchior, 1598 - 1665  |t Araneus Argentinas, hoc est, D. Joannes Georgius Dorscheus, Strasburgi Praedicans Therapeuticus: una cum Frivola Pro Mysterio SS. Trinitatis, contra Theologos Scholasticos, & praesertim Jesuitas, Scholasticorum (ut ipse ait) patronos, Interventione Scopis Theologicis Detersus  |d Moguntiae : Heyll, 1646  |h 80 S  |w (DE-627)729192962  |w (DE-576)9729192960  |k Electronic 
856 4 1 |u http://diglib.hab.de/drucke/314-4-theol-3s/start.htm  |q image/jpeg  |x Digitalisierung  |z digitalisiert von꞉ Herzog August Bibliothek Wolfenbüttel, Exemplar mit der Signatur꞉ 314.4 Theol. (3)  |z kostenfrei  |3 Volltext  |7 0 
935 |a mteo 
936 b k |a 11.61  |j Dogmatik  |j Konfessionskunde  |q ARK  |0 (DE-627)106403850 
951 |a BO 
ELC |b 1 
LOK |0 000 xxxxxcx a22 zn 4500 
LOK |0 001 4912892270 
LOK |0 003 DE-627 
LOK |0 004 09222184X 
LOK |0 005 20260211093956 
LOK |0 008 260211||||||||||||||||ger||||||| 
LOK |0 040   |a DE-Tue135  |c DE-627  |d DE-Tue135 
LOK |0 092   |o n 
LOK |0 852   |a DE-Tue135 
LOK |0 852 1  |9 00 
LOK |0 866   |x SPQUE#VD (Historische deutsche Nationalbibliographie)#SPSAM#VD17 
LOK |0 935   |a ixvd  |a ixv7 
LOK |0 939   |a 11-02-26  |b l01 
OAS |a 1 
ORI |a TA-MARC-ixtheoa001.raw 
STA 0 0 |a Polemics,Theology,Theology 
STB 0 0 |a Polémique,Théologie,Théologie 
STC 0 0 |a Polémica,Teología,Teología 
STD 0 0 |a Polemica,Teologia,Teologia 
STE 0 0 |a 神学家,论战,反调 
STF 0 0 |a 神學家,論戰,反調 
STG 0 0 |a Polêmica,Teologia,Teologia 
STH 0 0 |a Богословие (мотив),Богословие,Полемика 
STI 0 0 |a Θεολογία (μοτίβο),Θεολογία,Πολεμική 
SYG 0 0 |a Christliche Theologie